1680 1051 1170 1854 1144 1155 1655 1929 1250 1366 1486 1817 1812 1820 1914 1055 1900 1478 1232 1894 1792 1591 1953 1106 1754 1362 1094 1780 1797 1380 1460 1304 1542 1429 1114 1152 1371 1352 1261 1527 1931 1255 1067 1931 1634 1576 1746 1453 1662 1062 1205 1682 1957 1900 1493 1234 1315 1448 1523 1248 1689 1251 1703 1722 1587 1142 1998 1368 1859 1173 1695 1774 1897 1394 1600 1577 1465 1723 1533 1534 1227 1912 1500 1180 1547 1709 1761 1252 1705 1076 1288 1594 1481 1922 1761 1133 1130 1214 1325 BCNSPRNW ULIB Ver.6.0+V

เปลี่ยนเป็นภาษาไทย

Change to English
 แสดงรายละเอียดบรรณานุกรม
  กลับหน้าหลัก

Brief Record : Get Marc (ISO 2709) : E-mail record : QR code < ปิดหน้าต่าง
LEADER : 00000nam 2200000uu 4500
001    13399111653
003     ULIB
008    110704s2551||||th 000 0 tha d
020    9789748487625
090    นว^bฟ724บ 2551
100 0  เฟื่องฝน
245 00 บันทึกวุ่น ๆ คุณหนูพยาบาลจอมจุ้น/^cเฟื่องฝน
260    กรุงเทพฯ:^bอนิศ พับลิชชิ่ง จำกัด,^c2551
300    176 หน้า
945    ^p160^l0^i15013
995    กัณชพร
999 ^a ใช้งานได้ทุกระบบ
รายการนี้ยังไม่มีแท็ก
คุณยังไม่ได้ล็อกอิน คุณสามารถมีกิจกรรมร่วมกับเว็บไซต์ได้ แต่ต้องล็อกอินก่อน ::
  ล็อกอิน

รายการสื่อสารสนเทศ

ลำดับที่ ประเภท เลขเรียก/บาร์โค้ด สถานที่ สถานะ
1. วิทยาศาสตร์การแพทย์ และสุขภาพ
วิทยาศาสตร์การแพทย์ และสุขภาพ
นว ฟ724บ 2551  
  Barcode: 15013
ห้องสมุดวิทยาเขตสวรรค์ประชารักษ์
►นวนิยาย
บนชั้น
  ขอยืม

รายการใกล้เคียง
    ผู้แต่ง [เฟื่องฝน]

BibComment


ยังไม่เคยถูกคอมเมนท์

คอมเมนท์ทรัพยากรรายการนี้
  คอมเมนท์: บันทึกวุ่น ๆ คุณห..


 Copyright 2026. Bcnsprnw @Library